| 000 | 01072nam a2200217Ia 4500 | ||
|---|---|---|---|
| 999 |
_c37426 _d37426 |
||
| 001 | 3385 | ||
| 003 | GE_BSU | ||
| 005 | 20190606162749.0 | ||
| 008 | 181216s1984|||| |||||||||||||| ||geo|| | ||
| 040 | _cGE_BSU | ||
| 041 | _ageo | ||
| 080 | _a681.51.01(075.8) გ–19 | ||
| 100 |
_aგამრეკელი, ს. _91984 |
||
| 245 |
_aმანქანა–ავტომატების თეორიის ძირითადი საფუძვლები : დამხმ. სახელმძღ. / _c ს. გამრეკელი ; რედ : მ. ძიძიგური. |
||
| 264 |
_aთბილისი : _bსპი, _c1981. |
||
| 300 |
_a115 გვ .: _b71 ილ; 5 ცხრ. _c22 სმ. |
||
| 653 | _aმანქანა–ავტომატების თეორია | ||
| 653 | _aმანქანა–ავტომატების თეორიის ძირითადი საფუძვლები | ||
| 700 |
_aძიძიგური, მ _eრედაქტორი _9472 |
||
| 942 |
_cBK _2udc |
||